| 000 | 00377nam a2200157Ia 4500 | ||
|---|---|---|---|
| 003 | OSt | ||
| 005 | 20240318153418.0 | ||
| 008 | 170524s9999 xx 000 0 und d | ||
| 020 | _a9789389484649 | ||
| 040 | _cIIMTU MEERUT | ||
| 100 | _aSeth Prem Nath | ||
| 245 | 3 | _aAn Introduction to travel and Tourism | |
| 260 | _bSterling publication | ||
| 260 | _c2003 | ||
| 942 |
_2ddc _c02 |
||
| 999 |
_c6559 _d6559 |
||